000 00978nam a22002897a 4500
003 CHAP
005 20220329140900.0
008 971013s1977 r 00010 d
010 _a59221
011 _a60193
035 _a64353
040 _cCHAP
090 _aFolleto 7232
110 _aPrograma Nacional de Melhoramento de Cana de Acucar. Río de Janeiro
_992341
245 _aGuia para identificao de doencas e deficiencias nutricionais da cana de acucar no Brasil
260 _aPiracicaba :
_bEl Programa,
_c1977
300 _a56 p.
_b: ilus.
590 _aBATCH-UPD
_b10
_c20130110
_lUCH01
_h1612
590 _aBATCH-UPD
_b10
_c20130410
_lUCH01
_h1008
590 _aBATCH-UPD
_b10
_c20130914
_lUCH01
_h0836
590 _aCONVERSION
_b10
_c20130109
_lUCH01
_h1332
650 1 4 _aCaña de azúcar
_xEnfermedades.
_918598
650 1 4 _aPlantas
_xDeficiencias nutritivas.
_988812
901 _aBK
942 _cFOLL
949 _aFolleto 7232
_bBC
_cFOLL
_d-140131
_eTS1
_i64353
_mD
_si
999 _c59221
_d59221